<?xml version="1.0" encoding="UTF-8"?>
<record
    xmlns:xsi="http://www.w3.org/2001/XMLSchema-instance"
    xsi:schemaLocation="http://www.loc.gov/MARC21/slim http://www.loc.gov/standards/marcxml/schema/MARC21slim.xsd"
    xmlns="http://www.loc.gov/MARC21/slim">

  <leader>01112nam a2200289 a 4500</leader>
  <controlfield tag="001">BRCA_4415</controlfield>
  <controlfield tag="005">20190320204649.0</controlfield>
  <controlfield tag="008">170810s2003----mx-a######---#000-0cspa-#</controlfield>
  <datafield tag="020" ind1=" " ind2=" ">
    <subfield code="a">9686772367</subfield>
  </datafield>
  <datafield tag="041" ind1=" " ind2=" ">
    <subfield code="a">spa</subfield>
  </datafield>
  <datafield tag="044" ind1=" " ind2=" ">
    <subfield code="a">mx</subfield>
  </datafield>
  <datafield tag="050" ind1=" " ind2="4">
    <subfield code="a">F1233.J8</subfield>
    <subfield code="b">.T87 2003</subfield>
  </datafield>
  <datafield tag="100" ind1="1" ind2=" ">
    <subfield code="a">Turrent y D&#xED;az, Eduardo</subfield>
    <subfield code="9">11217</subfield>
  </datafield>
  <datafield tag="245" ind1="1" ind2="0">
    <subfield code="a">Epistolario liberal en el Archivo Hist&#xF3;rico del Banco de M&#xE9;xico</subfield>
    <subfield code="b">Benito Ju&#xE1;rez, Mat&#xED;as Romero : correspondencia 1856-1872</subfield>
    <subfield code="c">a modo de proemio Luis Gonz&#xE1;lez y Gonz&#xE1;lez ; investigaci&#xF3;n y textos Eduardo Turrent y D&#xED;az ; Jorge Valle Ruiz.</subfield>
  </datafield>
  <datafield tag="260" ind1=" " ind2=" ">
    <subfield code="a">M&#xE9;xico</subfield>
    <subfield code="b">Banco de M&#xE9;xico</subfield>
    <subfield code="c">2003</subfield>
  </datafield>
  <datafield tag="300" ind1=" " ind2=" ">
    <subfield code="a">279 p.</subfield>
    <subfield code="b">il. a color</subfield>
    <subfield code="c">35 cm.</subfield>
  </datafield>
  <datafield tag="500" ind1=" " ind2=" ">
    <subfield code="a">Incluye semblanzas de los autores y lista de ilustraciones</subfield>
  </datafield>
  <datafield tag="500" ind1=" " ind2=" ">
    <subfield code="a">Colecci&#xF3;n Sonia Corcuera de Mancera</subfield>
  </datafield>
  <datafield tag="504" ind1=" " ind2=" ">
    <subfield code="a">Bibliograf&#xED;a: p. 270-271</subfield>
  </datafield>
  <datafield tag="600" ind1="1" ind2="4">
    <subfield code="a">Ju&#xE1;rez, Benito</subfield>
    <subfield code="d">1806-1872</subfield>
    <subfield code="9">4845</subfield>
  </datafield>
  <datafield tag="600" ind1="1" ind2="4">
    <subfield code="a">Romero, Mat&#xED;as</subfield>
    <subfield code="d">1836-1898</subfield>
    <subfield code="9">10107</subfield>
  </datafield>
  <datafield tag="650" ind1="1" ind2="4">
    <subfield code="a">Historia</subfield>
    <subfield code="y">Siglo XIX</subfield>
    <subfield code="z">M&#xE9;xico</subfield>
    <subfield code="9">11218</subfield>
  </datafield>
  <datafield tag="700" ind1="1" ind2=" ">
    <subfield code="a">Gonz&#xE1;lez y Gonz&#xE1;lez, Luis</subfield>
    <subfield code="9">2602</subfield>
  </datafield>
  <datafield tag="700" ind1="1" ind2=" ">
    <subfield code="a">Valle Ruiz, Jorge</subfield>
    <subfield code="9">11219</subfield>
  </datafield>
  <datafield tag="902" ind1=" " ind2=" ">
    <subfield code="a">DSC</subfield>
  </datafield>
  <datafield tag="942" ind1=" " ind2=" ">
    <subfield code="2">lcc</subfield>
    <subfield code="c">B</subfield>
  </datafield>
  <datafield tag="999" ind1=" " ind2=" ">
    <subfield code="c">4124</subfield>
    <subfield code="d">4124</subfield>
  </datafield>
  <datafield tag="952" ind1=" " ind2=" ">
    <subfield code="0">0</subfield>
    <subfield code="1">0</subfield>
    <subfield code="4">0</subfield>
    <subfield code="7">0</subfield>
    <subfield code="a">BRCA</subfield>
    <subfield code="b">BRCA</subfield>
    <subfield code="d">2010-08-17</subfield>
    <subfield code="l">0</subfield>
    <subfield code="o">F1233.J8 .T87 2003</subfield>
    <subfield code="p">DSC00110</subfield>
    <subfield code="r">2019-03-22 00:00:00</subfield>
    <subfield code="w">2019-03-22</subfield>
    <subfield code="y">B</subfield>
  </datafield>
</record>
